{"text_format":"3","workbook":"xlsx","n_sheets":1,"sheets":["Hoja1"],"not_rendered":{"images":1},"read":"whole","date_system":"1900"}

{"sheet":"Hoja1","index":0,"n_rows":74,"n_cols":5,"rows_kept":74,"merged":[[2,0,2,4]]}
[]
[null,"SERVICIO NACIONAL DE SALUD"]
["Informe Mensual de Despensa"]
[]
["   HOSPITAL MUNICIPAL FANTINO REGION CIBAO SUR"]
["                                         AL 31 DE DICIEMBRE  AÑO  2025                                         "]
["ARTICULO","UNIDAD","EXISTENCIA FINAL","VALOR UNITARIO","VALOR TOTAL (6x7)"]
["-1-",-2,"-5-","-7-","-8-"]
["ARROZ","LIBRAS",45,{"v":35.6,"d":"35.60"},{"$f":"C9*D9","v":{"v":1602,"d":"1,602.00"}}]
["ACEITE  CRISOL","GALON",1,{"v":600,"d":"600.00"},{"$f":"C10*D10","v":{"v":600,"d":"600.00"}}]
["AGUA EN GARRAFONES","BOTELLONES",2,{"v":45,"d":"45.00"},{"v":90,"d":"90.00"}]
["AJO","LIBRAS",2,{"v":220,"d":"220.00"},{"v":440,"d":"440.00"}]
["ANIZ","LIBRAS",2,{"v":190,"d":"190.00"},{"v":380,"d":"380.00"}]
["AVENA ENTERA","FUNDAS",7,{"v":90,"d":"90.00"},{"v":630,"d":"630.00"}]
["AZUCAR CREMA","LIBRAS",65,26.88,{"v":1747.2,"d":"1,747.20"}]
["BACALAO","LIBRAS",2,{"v":175,"d":"175.00"},{"v":350,"d":"350.00"}]
["CARNE POLLO","LIBRAS",12,{"v":90,"d":"90.00"},{"v":1080,"d":"1,080.00"}]
["CANELA","LIBRAS",1,{"v":210,"d":"210.00"},{"v":210,"d":"210.00"}]
["CEBOLLA","LIBRAS",4,{"v":65,"d":"65.00"},{"v":260,"d":"260.00"}]
["CODITOS DE 1 LIB.","UNIDAD",2,{"v":40,"d":"40.00"},{"v":80,"d":"80.00"}]
["FIDEOS DE 1 LIB.","UNIDAD",14,{"v":40,"d":"40.00"},{"v":560,"d":"560.00"}]
["GALLETA SODA","UNIDAD",345,{"v":7.7,"d":"7.70"},{"v":2656.5,"d":"2,656.50"}]
["GELATINA","UNIDAD DE 3 OZ",3,{"v":30,"d":"30.00"},{"v":90,"d":"90.00"}]
["GUANDULES","LATAS DE 15 OZ ",4,{"v":90,"d":"90.00"},{"v":360,"d":"360.00"}]
["HABAS","LIBRAS",3,{"v":55,"d":"55.00"},{"v":165,"d":"165.00"}]
["HUEVOS","UNIDAD",128,{"v":7,"d":"7.00"},{"v":896,"d":"896.00"}]
["REPOLLO","UNIDAD",3,{"v":150,"d":"150.00"},{"v":450,"d":"450.00"}]
["JAMON MUSLO DE PAVO","LIBRAS",18,{"v":290,"d":"290.00"},{"v":5220,"d":"5,220.00"}]
["JUGO SANTAL","LITRO",24,{"v":19.3,"d":"19.30"},{"v":463.20000000000005,"d":"463.20"}]
["LECHE EN POLVO","LIBRAS",8,{"v":220,"d":"220.00"},{"v":1760,"d":"1,760.00"}]
["LECHE RICA DESCREMADA","UNIDAD",8,{"v":85,"d":"85.00"},{"v":680,"d":"680.00"}]
["MAIZ DULCE ","LATAS DE 15 OZ ",6,{"v":75,"d":"75.00"},{"v":450,"d":"450.00"}]
["MARGARINA FLORA"," LIB.",2,{"v":100,"d":"100.00"},{"v":200,"d":"200.00"}]
["MAYONESA BALDON ","Libra",2,83.12,166.24]
["OREGANO","Libra",1,{"v":130,"d":"130.00"},{"v":130,"d":"130.00"}]
["PAPAS","LIBRAS",16,{"v":45,"d":"45.00"},{"v":720,"d":"720.00"}]
["QUESO MOSARELA","LIBRAS",5,{"v":225,"d":"225.00"},{"v":1125,"d":"1,125.00"}]
["SAL MOLIDA","LIBRAS",5,8.47,42.35]
["SALAMI","LIBRAS",1,{"v":425,"d":"425.00"},{"v":425,"d":"425.00"}]
["VINAGRE","GALON",3,{"v":135,"d":"135.00"},{"v":405,"d":"405.00"}]
["YOGOURT","GALON",3,{"v":340,"d":"340.00"},{"v":1020,"d":"1,020.00"}]
["TOMATES","LIBRAS",4,{"v":75,"d":"75.00"},{"v":300,"d":"300.00"}]
["AJIES VERDE Y MORRON","LIBRAS",3,{"v":130,"d":"130.00"},{"v":390,"d":"390.00"}]
["BERENJENA ","UNIDAD",8,{"v":38,"d":"38.00"},{"v":304,"d":"304.00"}]
["CILANTRICO","PAQUETES",3,{"v":120,"d":"120.00"},{"v":360,"d":"360.00"}]
["AUYAMA","LIBRAS",3,{"v":30,"d":"30.00"},{"v":90,"d":"90.00"}]
["PLATANO","UNIDAD",89,{"v":6,"d":"6.00"},{"v":534,"d":"534.00"}]
["ZANAHORIAS","LIBRAS",2,{"v":55,"d":"55.00"},{"v":110,"d":"110.00"}]
["VASOS PARA CAFÉ # 3","PAQUETES",15,46.67,{"v":700.0500000000001,"d":"700.05"}]
["VASOS  # 7","PAQUETES",1200,{"v":45,"d":"45.00"},{"v":54000,"d":"54,000.00"}]
["VASOS  # 10","PAQUETES",150,{"v":84,"d":"84.00"},{"v":12600,"d":"12,600.00"}]
["VASOS Y TAPAS","UNIODAD",30,{"v":18,"d":"18.00"},{"v":168,"d":"168.00"}]
["PLATOS HIGIENICOS","PAQUETES",6,{"v":76,"d":"76.00"},{"v":456,"d":"456.00"}]
["FOSFOROS RELAMPAGO","CAJITAS",15,{"v":4.5,"d":"4.50"},{"v":67.5,"d":"67.50"}]
["SERVILLETAS PAQUETES","UNIDAD",18,{"v":92,"d":"92.00"},{"v":1656,"d":"1,656.00"}]
["PAPEL PVC","UNIDAD",6,{"v":950,"d":"950.00"},{"v":5700,"d":"5,700.00"}]
["CAFÉ POR SOBRES","UNIDAD",15,{"v":22.5,"d":"22.50"},{"v":337.5,"d":"337.50"}]
["CUCHARAS PLASTICAS","PAQUETES",45,{"v":45,"d":"45.00"},{"v":2025,"d":"2,025.00"}]
["PLATOS HONDO ",null,10,{"v":65,"d":"65.00"},{"v":650,"d":"650.00"}]
["HABICHUELA ROJAS","LIBRAS",8,{"v":78,"d":"78.00"},{"v":624,"d":"624.00"}]
["HARINA DEL NEGRITO","CAJA",4,{"v":135,"d":"135.00"},{"v":540,"d":"540.00"}]
["HABICHUELAS NEGRAS","LIBRAS",5,{"v":55,"d":"55.00"},{"v":275,"d":"275.00"}]
["GUINEOS VERDES","UNIDAD",30,{"v":3,"d":"3.00"},{"v":90,"d":"90.00"}]
["COCOA","LIBRAS",5,{"v":175,"d":"175.00"},{"v":875,"d":"875.00"}]
["HABICHUELAS BLANCAS","LIBRAS",2,{"v":70,"d":"70.00"},{"v":140,"d":"140.00"}]
["CHULETA","LIBRAS",12,{"v":130,"d":"130.00"},{"v":1560,"d":"1,560.00"}]
["YUCA","LIBRAS",0,{"v":36,"d":"36.00"},{"v":0,"d":"0.00"}]
["MAIZENA ","UNIDAD",3,{"v":130,"d":"130.00"},{"v":390,"d":"390.00"}]
["ESPIRALES EN COLORES","UNIDAD ",2,{"v":40,"d":"40.00"},{"v":80,"d":"80.00"}]
["CUBIERTO","PAQUETES",84,35,{"v":2940,"d":"2,940.00"}]
["HABICHUELA NEGRA","LIBRA",6,{"v":70,"d":"70.00"},{"v":420,"d":"420.00"}]
[{"$nulls":4},{"$f":"SUM(E9:E71)","v":{"v":113835.54000000001,"d":"113,835.54"}}]
[]
["DIRECTOR ","ENC DESPENSA ",null,"ADMINISTRADOR"]